|
|
|
|
| LEADER |
00000nab#a22000007a#4500 |
| 001 |
arbauad029387 |
| 003 |
AR-BaUAD |
| 005 |
20250711112359.0 |
| 008 |
971128|||||||||###||||||b###|0###a|spa|| |
| 040 |
|
|
|a AR-BaUAD
|c AR-BaUAD
|b spa
|
| 100 |
|
|
|a Arga,
|
| 245 |
|
|
|a La Expo Macworld :
|b hacia la nueva generación de computadoras /
|c Arga;
|
| 653 |
|
|
|a EXPOSICIONES
|
| 653 |
|
|
|a EXPOSICIONES INTERNACIONALES
|
| 653 |
|
|
|a COMPUTACION
|
| 653 |
|
|
|a COMPUTADORAS
|
| 653 |
|
|
|a ESTADOS UNIDOS
|
| 653 |
|
|
|a SAN FRANCISCO
|
| 653 |
|
|
|a MACINTOSH
|
| 653 |
|
|
|a APPLE COMPUTER
|
| 653 |
|
|
|a JOBS, STEVE
|
| 653 |
|
|
|a RHAPSODY
|
| 773 |
0 |
|
|t MATIZ
|g no. 1 [mar. 1997], p. 52-55
|
| 942 |
|
|
|c ARTI
|
| 952 |
|
|
|0 0
|1 0
|4 0
|7 0
|9 74306
|a AR-BAuAD
|b AR-BAuAD
|d 2025-07-11
|l 0
|p AAQA029387
|r 2025-07-11 11:23:59
|w 2025-07-11
|y ARTI
|
| 990 |
|
|
|a DG199
|b TD
|
| 998 |
|
|
|a AAQ
|b BIBUN76
|
| 999 |
|
|
|c 53979
|d 53979
|